000 01237cam a22002174a 4500
005 20250605164047.0
008 250528s ||||||||||||||||||||||||d
035 _a17152
020 _a314931929
040 _aGR-AtMCL
_bgre
_dGR-AtMCL
_eAACR2
245 1 _aIntroduction to Business Statistics / A Computer Integrated Approach
260 _bWest Publishing Company,
_c1986
300 _a908
520 _aPreface, A First Look at Statistics, Descriptive Graphs, Descriptive Measures, Bivariate Data, Probability Concepts, Discrete Probability Distributions, Continuous Probability Distributions, Statistical Inference and Sampling, Hypothesis Testing for the Mean and Variance of a Population, Inference Procedures for Two Populations, Estimation and Testing for Population Proportions, Analysis of Variance, Applications of the Chi-Square Statistic, Simple Linear Regression, Multiple Linear Regression, Time Series Analysis and Index Numbers, Quantitative Business Forecasting, Decision Making Under Uncertainty, Nonparametric Statistics, Appendices, Index.
700 1 _aGuynes Stephen C
_93300
700 1 _aKvanli Alan H
_93301
700 1 _aPavur Robert J
_93302
942 _cBK
999 _c2591
_d2591